00000000nam 2200000zi 4500
0019.941721
003CaOODSP
00520250116100056
006m     o  d f      
007cr cn ||||||||
008240809t20242020onca    ob   f000 0 eng d
020 |a9780660731148
040 |aCaOODSP|beng|erda|cCaOODSP
043 |an-cn---
0861 |aH144-62/2024E-PDF
24500|aKeep children cool! : |bprotect your child from extreme heat.
264 1|a[Ottawa] : |bHealth Canada = Santé Canada, |c[2024]
264 4|c©2020
300 |a1 online resource (12 unnumbered pages) : |bcolour illustrations
336 |atext|btxt|2rdacontent
337 |acomputer|bc|2rdamedia
338 |aonline resource|bcr|2rdacarrier
500 |aIssued also in French under title: Gardez les enfants à l'abri de la chaleur! : protégez votre enfant de la chaleur accablante.
500 |a"Pub. : 240478."
504 |aIncludes bibliographical references.
650 0|aHeat exhaustion|zCanada|xPrevention.
650 0|aHeat stroke|zCanada|xPrevention.
650 0|aChildren|xHealth and hygiene|zCanada.
7101 |aCanada. |bHealth Canada, |eissuing body.
77508|tGardez les enfants à l'abri de la chaleur! : |w(CaOODSP)9.941720
795 |tKeep children cool! : |w(CaOODSP)9.874962
85640|qPDF|s2.89 MB|uhttps://publications.gc.ca/collections/collection_2025/sc-hc/H144-62-2024-eng.pdf
8564 |qHTML|sN/A|uhttps://www.canada.ca/en/health-canada/services/publications/healthy-living/keep-children-cool-extreme-heat.html